| 000 | 00621nam a22001935i 4500 | ||
|---|---|---|---|
| 001 | 156570 | ||
| 003 | ES-MaACL | ||
| 005 | 20230906210438.0 | ||
| 008 | 040802s1864 gw |||| | eng d | ||
| 040 |
_aCAM _bspa _cCAM |
||
| 100 | 1 |
_aKavanagh, Julia. _9128431 |
|
| 245 | 1 | 0 |
_aBeatrice / _cby Julia Kavanagh. |
| 260 |
_aLeipzig : _bBernhard Tauchnitz, _c1864. |
||
| 300 |
_a2 v. (368; 358 p.) ; _c16 cm. |
||
| 490 | 1 |
_aCollection of british authors ; _v740; 741 |
|
| 830 | 0 |
_aCollection of british authors ; _v740; 741 _9180703 |
|
| 852 |
_aES-MaACL _jG-11757 _z-- Enc. hol. _z-- 2 t. en 1 v. |
||
| 999 |
_c156570 _d156570 |
||